000 00615npc a2200205Ia 4500
001 db3-425 [d000000324]
003 IT-MiCISF
008 161014s9999||||xx | und||
040 _aIT-MiCISF
_cIT-MiCISF
041 _ait
100 _aPremoli Sergio
245 0 _aAspetti psicologici della vasectomia
250 _a1a ed.
260 _a Milano
_bAssoc. italiana per la sterilizzazione volontaria
_c1981
300 _ap. 14
500 _a / sterilità-volontaria, sessualità-maschile, sessualità-femminile, sterilizzazione /
650 _asessualità
942 _cDD
957 _71
999 _a425
_bsi
_g1
_c208423
_d208423